|
|
|
|
| LEADER |
00000nam a2200000 a 4500 |
| 001 |
vtls010578369 |
| 003 |
SK-MaSNL |
| 005 |
20260301174742.0 |
| 008 |
240313s1877 gw 000 0 ger |
| 040 |
|
|
|a SNK
|b slo
|c SNK
|e AACR2
|
| 041 |
0 |
|
|a ger
|
| 044 |
|
|
|a gw
|c DE
|
| 080 |
|
|
|a 63
|2 1981
|
| 100 |
1 |
|
|a Mitterpacher, Ludwig
|4 aut
|9 547641
|
| 245 |
1 |
0 |
|a Abhandlung von Leinbaum
|c Ludwig Mitterpacher
|
| 260 |
|
|
|a [s.l.]
|b [s.n.]
|c 1877
|
| 300 |
|
|
|a 43 s.
|c 4°
|
| 650 |
0 |
7 |
|a poľnohospodárstvo
|2 SNKPH
|9 679
|
| 958 |
|
|
|a ONDV
|
| 999 |
|
|
|c 840539
|d 842469
|
| 952 |
|
|
|a SNK
|b SNK
|y PREZ
|7 0
|p 17A0942368
|o snkSB 24066
|0 0
|1 0
|4 0
|d 2014-02-25
|f 1
|l 0
|r 2025-03-27 00:00:00
|w 2026-02-24
|